Art of Nepal (Record no. 352597)

000 -LEADER
fixed length control field 00344cam a22001217a 4500
008 - FIXED-LENGTH DATA ELEMENTS--GENERAL INFORMATION
fixed length control field 180718b1973 xxu||||| |||| 00| 0 eng d
082 ## - DEWEY DECIMAL CLASSIFICATION NUMBER
Classification number OA56x5415 R211
100 ## - MAIN ENTRY--PERSONAL NAME
Personal name Ray, Amita
245 ## - TITLE STATEMENT
Title Art of Nepal
Statement of responsibility, etc. by Amita Ray
260 ## - PUBLICATION, DISTRIBUTION, ETC.
Place of publication, distribution, etc. New Delhi
Name of publisher, distributor, etc. Indian Council For Cultural Relations
Date of publication, distribution, etc. 1973
300 ## - PHYSICAL DESCRIPTION
Extent 78p. + 102 illus
650 ## - SUBJECT ADDED ENTRY--TOPICAL TERM
Topical term or geographic name entry element Art, Nepalese
Holdings
Withdrawn status Lost status Damaged status Not for loan Permanent Location Current Location Date acquired Full call number Barcode Date last seen Price effective from Koha item type
        Indian Institute of Public Administration Indian Institute of Public Administration 1993-11-24 OA56x5415 R211 50139 2018-07-21 2018-07-21 Book

Powered by Koha